[Event "ODJM B 2023"]
[Site "Willingen GER"]
[Date "2023.05.28"]
[Round "1"]
[White "Werner, Florin"]
[Black "Mohebbi, Sam"]
[Result "0-1"]
[Termination "normal"]
[Board "5"]
[WhiteElo "1678"]
[BlackElo "1555"]
[WhiteClock "00:01:46"]
[BlackClock "00:44:45"]
[PlyCount "98"]
[WhiteFideId "16250230"]
[BlackFideId "34607293"]
[EventCountry "GER"]
[EventRounds "9"]
[EventType "swiss"]
[EventDate "2023.05.27"]

1. e4 {[%clk 01:30:56] [%emt 00:00:03]} 1... e6 {[%clk 01:30:42] [%emt
00:00:20]} 2. d4 {[%clk 01:31:09] [%emt 00:00:17]} 2... d5 {[%clk 01:30:04]
[%emt 00:01:07]} 3. Nd2 {[%clk 01:31:13] [%emt 00:00:26]} 3... dxe4 {[%clk
01:29:22] [%emt 00:01:13]} 4. Nxe4 {[%clk 01:31:38] [%emt 00:00:05]} 4... Be7
{[%clk 01:29:19] [%emt 00:00:32]} 5. Nf3 {[%clk 01:31:39] [%emt 00:00:28]} 5...
Nf6 {[%clk 01:27:23] [%emt 00:02:27]} 6. Nxf6+ {[%clk 01:29:18] [%emt
00:02:51]} 6... Bxf6 {[%clk 01:27:42] [%emt 00:00:12]} 7. c3 {[%clk 01:29:35]
[%emt 00:00:13]} 7... Nd7 {[%clk 01:26:39] [%emt 00:01:33]} 8. Bd3 {[%clk
01:28:48] [%emt 00:01:16]} 8... c5 {[%clk 01:25:55] [%emt 00:01:14]} 9. O-O
{[%clk 01:28:46] [%emt 00:00:32]} 9... O-O {[%clk 01:25:37] [%emt 00:00:48]}
10. Be3 {[%clk 01:27:23] [%emt 00:01:52]} 10... cxd4 {[%clk 01:21:28] [%emt
00:04:40]} 11. Nxd4 {[%clk 01:21:50] [%emt 00:06:03]} 11... Nb6 {[%clk
01:20:41] [%emt 00:01:18]} 12. Qc2 {[%clk 01:20:00] [%emt 00:02:19]} 12... h6
{[%clk 01:20:13] [%emt 00:00:58]} 13. Rae1 {[%clk 01:13:20] [%emt 00:07:10]}
13... Nd5 {[%clk 01:17:08] [%emt 00:03:35]} 14. Bd2 {[%clk 01:12:16] [%emt
00:01:35]} 14... Bxd4 {[%clk 01:13:46] [%emt 00:03:51]} 15. cxd4 {[%clk
01:11:43] [%emt 00:01:03]} 15... Bd7 {[%clk 01:08:55] [%emt 00:05:21]} 16. Re5
{[%clk 00:35:47] [%emt 00:36:26]} 16... Nf6 {[%clk 01:03:14] [%emt 00:06:11]}
17. Qd1 {[%clk 00:27:41] [%emt 00:08:37]} 17... Bc6 {[%clk 01:01:50] [%emt
00:01:53]} 18. Be3 {[%clk 00:27:45] [%emt 00:00:26]} 18... Qe7 {[%clk 01:01:33]
[%emt 00:00:48]} 19. Qd2 {[%clk 00:17:21] [%emt 00:10:53]} 19... Ng4 {[%clk
01:01:09] [%emt 00:00:54]} 20. Rh5 {[%clk 00:17:28] [%emt 00:00:23]} 20... Nxe3
{[%clk 01:00:58] [%emt 00:00:42]} 21. fxe3 {[%clk 00:17:35] [%emt 00:00:22]}
21... f5 {[%clk 00:59:34] [%emt 00:01:54]} 22. Qf2 {[%clk 00:16:43] [%emt
00:01:22]} 22... Qf7 {[%clk 00:59:31] [%emt 00:00:34]} 23. Rh3 {[%clk 00:16:35]
[%emt 00:00:38]} 23... Rad8 {[%clk 00:59:17] [%emt 00:00:44]} 24. Qg3 {[%clk
00:15:56] [%emt 00:01:08]} 24... Qf6 {[%clk 00:59:22] [%emt 00:00:26]} 25. Rh5
{[%clk 00:14:03] [%emt 00:02:22]} 25... Be8 {[%clk 00:57:30] [%emt 00:02:22]}
26. Rh3 {[%clk 00:14:02] [%emt 00:00:32]} 26... Qg5 {[%clk 00:57:36] [%emt
00:00:23]} 27. Qe5 {[%clk 00:13:03] [%emt 00:01:29]} 27... Qf6 {[%clk 00:57:46]
[%emt 00:00:20]} 28. Qc5 {[%clk 00:12:40] [%emt 00:00:53]} 28... Rd5 {[%clk
00:57:46] [%emt 00:00:31]} 29. Qxa7 {[%clk 00:12:12] [%emt 00:00:58]} 29... Bc6
{[%clk 00:57:02] [%emt 00:01:14]} 30. Qb6 {[%clk 00:11:11] [%emt 00:01:30]}
30... g5 {[%clk 00:55:33] [%emt 00:01:59]} 31. Qc7 {[%clk 00:11:03] [%emt
00:00:39]} 31... Rd7 {[%clk 00:55:32] [%emt 00:00:30]} 32. Qb6 {[%clk 00:10:27]
[%emt 00:01:06]} 32... g4 {[%clk 00:51:14] [%emt 00:04:48]} 33. Rg3 {[%clk
00:10:48] [%emt 00:00:09]} 33... Rg7 {[%clk 00:50:42] [%emt 00:01:02]} 34. Bc2
{[%clk 00:06:24] [%emt 00:04:54]} 34... h5 {[%clk 00:50:31] [%emt 00:00:42]}
35. e4 {[%clk 00:06:49] [%emt 00:00:05]} 35... f4 {[%clk 00:50:23] [%emt
00:00:37]} 36. Qc5 {[%clk 00:04:55] [%emt 00:02:25]} 36... Qh6 {[%clk 00:48:14]
[%emt 00:02:38]} 37. Rc3 {[%clk 00:04:51] [%emt 00:00:35]} 37... Rg5 {[%clk
00:48:21] [%emt 00:00:23]} 38. Qd6 {[%clk 00:04:55] [%emt 00:00:26]} 38... Qf6
{[%clk 00:46:54] [%emt 00:01:57]} 39. Rc5 {[%clk 00:03:17] [%emt 00:02:08]}
39... Rxc5 {[%clk 00:45:05] [%emt 00:02:17]} 40. Qxc5 {[%clk 00:03:45] [%emt
00:00:03]} 40... f3 {[%clk 00:44:39] [%emt 00:00:57]} 41. Qxh5 {[%clk 00:03:52]
[%emt 00:00:23]} 41... Qxd4+ {[%clk 00:44:50] [%emt 00:00:19]} 42. Kh1 {[%clk
00:04:17] [%emt 00:00:04]} 42... fxg2+ {[%clk 00:44:50] [%emt 00:00:31]} 43.
Kxg2 {[%clk 00:04:44] [%emt 00:00:03]} 43... Bxe4+ {[%clk 00:44:44] [%emt
00:00:36]} 44. Bxe4 {[%clk 00:04:12] [%emt 00:01:01]} 44... Qxe4+ {[%clk
00:45:07] [%emt 00:00:08]} 45. Kg1 {[%clk 00:03:13] [%emt 00:01:28]} 45... Qe3+
{[%clk 00:45:13] [%emt 00:00:24]} 46. Kg2 {[%clk 00:03:40] [%emt 00:00:03]}
46... Qe2+ {[%clk 00:45:30] [%emt 00:00:13]} 47. Kg3 {[%clk 00:04:09] [%emt
00:00:02]} 47... Rxf1 {[%clk 00:45:16] [%emt 00:00:43]} 48. Qe8+ {[%clk
00:01:21] [%emt 00:03:18]} 48... Kg7 {[%clk 00:45:03] [%emt 00:00:42]} 49. Qe7+
{[%clk 00:01:46] [%emt 00:00:06]} 49... Kh6 {[%clk 00:44:45] [%emt 00:00:48]}
0-1

[Event "ODJM B 2023"]
[Site "Willingen GER"]
[Date "2023.05.28"]
[Round "1"]
[White "Hartwig, Eric-Jordan"]
[Black "Mainka, Ingmar"]
[Result "1/2-1/2"]
[Termination "normal"]
[Board "6"]
[WhiteElo "1534"]
[BlackElo "1546"]
[WhiteClock "00:33:24"]
[BlackClock "00:48:19"]
[PlyCount "59"]
[WhiteFideId "16298454"]
[BlackFideId "16254937"]
[EventCountry "GER"]
[EventRounds "9"]
[EventType "swiss"]
[EventDate "2023.05.27"]

1. e4 {[%clk 01:30:57] [%emt 00:00:02]} 1... c5 {[%clk 01:30:56] [%emt
00:00:04]} 2. Nc3 {[%clk 01:31:23] [%emt 00:00:04]} 2... Nc6 {[%clk 01:31:20]
[%emt 00:00:06]} 3. g3 {[%clk 01:31:49] [%emt 00:00:04]} 3... g6 {[%clk
01:31:45] [%emt 00:00:05]} 4. Bg2 {[%clk 01:32:15] [%emt 00:00:04]} 4... Bg7
{[%clk 01:32:10] [%emt 00:00:05]} 5. d3 {[%clk 01:32:35] [%emt 00:00:10]} 5...
Nf6 {[%clk 01:32:31] [%emt 00:00:09]} 6. Be3 {[%clk 01:32:46] [%emt 00:00:20]}
6... d6 {[%clk 01:32:52] [%emt 00:00:09]} 7. Nge2 {[%clk 01:33:04] [%emt
00:00:11]} 7... O-O {[%clk 01:33:02] [%emt 00:00:20]} 8. O-O {[%clk 01:33:28]
[%emt 00:00:07]} 8... Be6 {[%clk 01:32:54] [%emt 00:00:38]} 9. h3 {[%clk
01:33:17] [%emt 00:00:41]} 9... Rc8 {[%clk 01:32:12] [%emt 00:01:11]} 10. Qd2
{[%clk 01:32:52] [%emt 00:00:56]} 10... b6 {[%clk 01:30:50] [%emt 00:01:51]}
11. Bh6 {[%clk 01:32:14] [%emt 00:01:08]} 11... Qd7 {[%clk 01:26:51] [%emt
00:04:30]} 12. Bxg7 {[%clk 01:31:47] [%emt 00:00:57]} 12... Kxg7 {[%clk
01:27:16] [%emt 00:00:04]} 13. Nf4 {[%clk 01:28:55] [%emt 00:03:23]} 13... Nd4
{[%clk 01:27:29] [%emt 00:00:17]} 14. Nxe6+ {[%clk 01:28:51] [%emt 00:00:33]}
14... Qxe6 {[%clk 01:27:50] [%emt 00:00:10]} 15. f4 {[%clk 01:29:05] [%emt
00:00:16]} 15... Nd7 {[%clk 01:21:25] [%emt 00:06:54]} 16. Rae1 {[%clk
01:23:14] [%emt 00:06:22]} 16... Rce8 {[%clk 01:19:29] [%emt 00:02:26]} 17. Nd5
{[%clk 01:22:18] [%emt 00:01:27]} 17... Rc8 {[%clk 01:19:54] [%emt 00:00:04]}
18. c3 {[%clk 01:21:40] [%emt 00:01:08]} 18... Nc6 {[%clk 01:19:15] [%emt
00:01:07]} 19. d4 {[%clk 01:18:18] [%emt 00:03:54]} 19... Nf6 {[%clk 01:17:57]
[%emt 00:01:48]} 20. Nxb6 {[%clk 01:14:33] [%emt 00:04:16]} 20... axb6 {[%clk
01:16:05] [%emt 00:02:21]} 21. d5 {[%clk 01:14:38] [%emt 00:00:24]} 21... Qd7
{[%clk 01:15:56] [%emt 00:00:39]} 22. dxc6 {[%clk 01:15:02] [%emt 00:00:06]}
22... Qa7 {[%clk 01:14:52] [%emt 00:01:35]} 23. e5 {[%clk 01:11:51] [%emt
00:03:41]} 23... Ne8 {[%clk 01:14:50] [%emt 00:00:32]} 24. Bd5 {[%clk 01:02:08]
[%emt 00:10:12]} 24... dxe5 {[%clk 01:12:33] [%emt 00:02:47]} 25. fxe5 {[%clk
00:58:17] [%emt 00:04:22]} 25... Nc7 {[%clk 01:09:15] [%emt 00:03:47]} 26. c4
{[%clk 00:58:13] [%emt 00:00:34]} 26... e6 {[%clk 01:09:05] [%emt 00:00:40]}
27. Bg2 {[%clk 00:42:09] [%emt 00:16:33]} 27... Qxa2 {[%clk 01:09:20] [%emt
00:00:17]} 28. Qd7 {[%clk 00:40:57] [%emt 00:01:42]} 28... Qxb2 {[%clk
01:08:14] [%emt 00:01:35]} 29. Rf4 {[%clk 00:38:11] [%emt 00:03:17]} 29... g5
{[%clk 00:48:19] [%emt 00:20:25]} 30. Qe7 {[%clk 00:33:24] [%emt 00:05:16]}
1/2-1/2

[Event "ODJM B 2023"]
[Site "Willingen GER"]
[Date "2023.05.28"]
[Round "1"]
[White "Khudagulyan, Xoren"]
[Black "Menne, Lukas"]
[Result "1-0"]
[Termination "normal"]
[Board "7"]
[WhiteElo "1698"]
[BlackElo "1273"]
[WhiteClock "00:36:33"]
[BlackClock "00:44:55"]
[PlyCount "81"]
[WhiteFideId "34618945"]
[BlackFideId "16288467"]
[EventCountry "GER"]
[EventRounds "9"]
[EventType "swiss"]
[EventDate "2023.05.27"]

1. Nf3 {[%clk 01:30:45] [%emt 00:00:14]} 1... d5 {[%clk 01:30:45] [%emt
00:00:16]} 2. d4 {[%clk 01:31:07] [%emt 00:00:08]} 2... Bf5 {[%clk 01:30:56]
[%emt 00:00:19]} 3. c4 {[%clk 01:31:26] [%emt 00:00:11]} 3... e6 {[%clk
01:31:15] [%emt 00:00:12]} 4. Nc3 {[%clk 01:31:53] [%emt 00:00:03]} 4... c6
{[%clk 01:31:28] [%emt 00:00:16]} 5. Bf4 {[%clk 01:31:42] [%emt 00:00:41]} 5...
Nf6 {[%clk 01:31:30] [%emt 00:00:28]} 6. e3 {[%clk 01:28:16] [%emt 00:03:56]}
6... Be7 {[%clk 01:31:39] [%emt 00:00:21]} 7. Qb3 {[%clk 01:28:04] [%emt
00:00:42]} 7... Qb6 {[%clk 01:31:53] [%emt 00:00:16]} 8. Qxb6 {[%clk 01:27:32]
[%emt 00:01:03]} 8... axb6 {[%clk 01:32:14] [%emt 00:00:08]} 9. cxd5 {[%emt
00:00:04]} 9... exd5 {[%clk 01:31:55] [%emt 00:00:47]} 10. a3 {[%clk 01:28:17]
[%emt 00:00:13]} 10... Nbd7 {[%clk 01:31:38] [%emt 00:00:47]} 11. h3 {[%clk
01:27:39] [%emt 00:01:08]} 11... b5 {[%clk 01:29:28] [%emt 00:02:41]} 12. g4
{[%clk 01:06:36] [%emt 00:21:32]} 12... Bg6 {[%clk 01:26:29] [%emt 00:03:29]}
13. Nh4 {[%clk 01:02:57] [%emt 00:04:10]} 13... b4 {[%clk 01:22:15] [%emt
00:04:44]} 14. Nxg6 {[%clk 00:54:45] [%emt 00:08:41]} 14... hxg6 {[%clk
01:21:59] [%emt 00:00:46]} 15. g5 {[%clk 00:55:14] [%emt 00:00:02]} 15... bxc3
{[%clk 01:18:15] [%emt 00:04:13]} 16. gxf6 {[%clk 00:55:43] [%emt 00:00:01]}
16... cxb2 {[%clk 01:16:59] [%emt 00:01:47]} 17. Rb1 {[%clk 00:56:00] [%emt
00:00:13]} 17... Bxa3 {[%clk 01:16:37] [%emt 00:00:51]} 18. fxg7 {[%clk
00:55:37] [%emt 00:00:54]} 18... Rg8 {[%clk 01:16:41] [%emt 00:00:26]} 19. Bh6
{[%clk 00:53:29] [%emt 00:02:37]} 19... Nb6 {[%clk 01:06:26] [%emt 00:10:46]}
20. Kd2 {[%clk 00:48:29] [%emt 00:05:30]} 20... Nc8 {[%clk 01:00:01] [%emt
00:06:54]} 21. Bd3 {[%clk 00:48:17] [%emt 00:00:42]} 21... Nd6 {[%clk 00:56:17]
[%emt 00:04:14]} 22. f3 {[%clk 00:45:45] [%emt 00:03:03]} 22... f6 {[%clk
00:55:46] [%emt 00:01:00]} 23. Bxg6+ {[%clk 00:45:42] [%emt 00:00:34]} 23...
Ke7 {[%clk 00:55:50] [%emt 00:00:26]} 24. Bh7 {[%clk 00:43:59] [%emt 00:02:13]}
24... Nf7 {[%clk 00:54:13] [%emt 00:02:06]} 25. Bxg8 {[%clk 00:44:09] [%emt
00:00:20]} 25... Rxg8 {[%clk 00:54:32] [%emt 00:00:12]} 26. Bf4 {[%clk
00:44:12] [%emt 00:00:26]} 26... Rxg7 {[%clk 00:54:35] [%emt 00:00:27]} 27.
Rbg1 {[%clk 00:42:27] [%emt 00:02:16]} 27... Rh7 {[%clk 00:51:51] [%emt
00:03:14]} 28. Kc3 {[%clk 00:42:23] [%emt 00:00:33]} 28... Ng5 {[%clk 00:50:44]
[%emt 00:01:37]} 29. Bxg5 {[%clk 00:42:29] [%emt 00:00:25]} 29... fxg5 {[%clk
00:50:54] [%emt 00:00:20]} 30. Kb3 {[%clk 00:42:38] [%emt 00:00:20]} 30... Bd6
{[%clk 00:50:37] [%emt 00:00:47]} 31. Kxb2 {[%clk 00:42:47] [%emt 00:00:22]}
31... Kf6 {[%clk 00:48:39] [%emt 00:02:28]} 32. Kc3 {[%clk 00:42:31] [%emt
00:00:46]} 32... c5 {[%clk 00:47:07] [%emt 00:02:01]} 33. Rg4 {[%clk 00:40:17]
[%emt 00:02:44]} 33... cxd4+ {[%clk 00:47:12] [%emt 00:00:26]} 34. Kxd4 {[%clk
00:40:41] [%emt 00:00:05]} 34... Be5+ {[%clk 00:46:40] [%emt 00:01:02]} 35.
Kxd5 {[%clk 00:38:48] [%emt 00:02:23]} 35... Rd7+ {[%clk 00:46:27] [%emt
00:00:42]} 36. Kc4 {[%clk 00:36:56] [%emt 00:02:23]} 36... Rd2 {[%clk 00:45:44]
[%emt 00:01:13]} 37. h4 {[%clk 00:37:17] [%emt 00:00:10]} 37... gxh4 {[%clk
00:45:50] [%emt 00:00:24]} 38. Rhxh4 {[%clk 00:37:32] [%emt 00:00:13]} 38...
Rc2+ {[%clk 00:45:17] [%emt 00:01:04]} 39. Kd3 {[%clk 00:37:38] [%emt
00:00:25]} 39... Rc3+ {[%clk 00:45:33] [%emt 00:00:14]} 40. Kd2 {[%clk
00:37:51] [%emt 00:00:16]} 40... b5 {[%clk 00:44:55] [%emt 00:01:09]} 41. f4
{[%clk 00:36:33] [%emt 00:01:47]} 1-0

[Event "ODJM B 2023"]
[Site "Willingen GER"]
[Date "2023.05.28"]
[Round "1"]
[White "Fock, Madiha"]
[Black "Morio, Estelle"]
[Result "1-0"]
[Termination "normal"]
[Board "8"]
[WhiteElo "1493"]
[BlackElo "1792"]
[WhiteClock "00:04:49"]
[BlackClock "00:00:48"]
[PlyCount "77"]
[WhiteFideId "16253574"]
[BlackFideId "12951951"]
[EventCountry "GER"]
[EventRounds "9"]
[EventType "swiss"]
[EventDate "2023.05.27"]

1. e4 {[%clk 01:30:59]} 1... e5 {[%clk 01:30:53] [%emt 00:00:07]} 2. Nf3 {[%clk
01:31:25] [%emt 00:00:04]} 2... Nc6 {[%clk 01:31:19] [%emt 00:00:04]} 3. Nc3
{[%clk 01:31:50] [%emt 00:00:06]} 3... Nf6 {[%clk 01:31:26] [%emt 00:00:22]} 4.
d4 {[%clk 01:32:07] [%emt 00:00:13]} 4... exd4 {[%clk 01:31:26] [%emt
00:00:30]} 5. Nxd4 {[%clk 01:32:30] [%emt 00:00:07]} 5... Bb4 {[%clk 01:30:59]
[%emt 00:00:57]} 6. Nxc6 {[%clk 01:32:37] [%emt 00:00:23]} 6... bxc6 {[%clk
01:28:53] [%emt 00:02:36]} 7. Bd3 {[%clk 01:32:39] [%emt 00:00:28]} 7... O-O
{[%clk 01:19:11] [%emt 00:10:12]} 8. O-O {[%clk 01:31:07] [%emt 00:02:03]} 8...
Re8 {[%clk 01:15:29] [%emt 00:04:12]} 9. Bg5 {[%clk 01:28:40] [%emt 00:02:56]}
9... h6 {[%clk 01:13:23] [%emt 00:02:36]} 10. Bh4 {[%clk 01:25:22] [%emt
00:03:48]} 10... g5 {[%clk 00:55:23] [%emt 00:18:30]} 11. Bg3 {[%clk 01:15:57]
[%emt 00:09:56]} 11... Bxc3 {[%clk 00:51:35] [%emt 00:04:18]} 12. bxc3 {[%clk
01:15:52] [%emt 00:00:34]} 12... Nxe4 {[%clk 00:50:31] [%emt 00:01:33]} 13. Qh5
{[%clk 01:13:49] [%emt 00:02:34]} 13... Kg7 {[%clk 00:46:04] [%emt 00:04:57]}
14. f4 {[%clk 01:04:35] [%emt 00:09:45]} 14... Nf6 {[%clk 00:40:25] [%emt
00:06:08]} 15. Qf3 {[%clk 01:01:42] [%emt 00:03:23]} 15... g4 {[%clk 00:38:21]
[%emt 00:02:34]} 16. Qd1 {[%clk 00:55:07] [%emt 00:07:04]} 16... d6 {[%clk
00:29:50] [%emt 00:09:02]} 17. f5 {[%clk 00:51:48] [%emt 00:03:49]} 17... h5
{[%clk 00:23:40] [%emt 00:06:40]} 18. Bh4 {[%clk 00:47:26] [%emt 00:04:52]}
18... Rg8 {[%clk 00:17:08] [%emt 00:07:02]} 19. Qd2 {[%clk 00:44:23] [%emt
00:03:33]} 19... Kh7 {[%clk 00:16:57] [%emt 00:00:40]} 20. c4 {[%clk 00:43:31]
[%emt 00:01:23]} 20... d5 {[%clk 00:14:54] [%emt 00:02:33]} 21. cxd5 {[%clk
00:40:23] [%emt 00:03:38]} 21... cxd5 {[%clk 00:13:29] [%emt 00:01:56]} 22. Qc3
{[%clk 00:38:47] [%emt 00:02:05]} 22... Kg7 {[%clk 00:06:42] [%emt 00:07:17]}
23. Bb5 {[%clk 00:24:23] [%emt 00:14:54]} 23... Bb7 {[%clk 00:04:35] [%emt
00:02:37]} 24. Qe3 {[%clk 00:18:34] [%emt 00:06:19]} 24... Kh7 {[%clk 00:04:37]
[%emt 00:00:28]} 25. Qd4 {[%clk 00:15:44] [%emt 00:03:20]} 25... Kg7 {[%clk
00:04:49] [%emt 00:00:19]} 26. Rae1 {[%clk 00:12:39] [%emt 00:03:34]} 26... Qd6
{[%clk 00:03:55] [%emt 00:01:24]} 27. Re6 {[%clk 00:08:35] [%emt 00:04:34]}
27... fxe6 {[%clk 00:02:59] [%emt 00:01:26]} 28. Qxf6+ {[%clk 00:09:01] [%emt
00:00:04]} 28... Kh7 {[%clk 00:03:18] [%emt 00:00:10]} 29. Bd3 {[%clk 00:08:11]
[%emt 00:01:21]} 29... e5 {[%clk 00:02:49] [%emt 00:01:00]} 30. Qf7+ {[%clk
00:08:34] [%emt 00:00:06]} 30... Kh6 {[%clk 00:02:14] [%emt 00:01:05]} 31. f6
{[%clk 00:08:37] [%emt 00:00:27]} 31... e4 {[%clk 00:02:28] [%emt 00:00:17]}
32. Rf5 {[%clk 00:08:25] [%emt 00:00:41]} 32... Rg6 {[%clk 00:02:23] [%emt
00:00:35]} 33. Bf2 {[%clk 00:07:23] [%emt 00:01:32]} 33... d4 {[%clk 00:01:17]
[%emt 00:01:36]} 34. Bg3 {[%clk 00:07:17] [%emt 00:00:36]} 34... Qxg3 {[%clk
00:00:38] [%emt 00:01:09]} 35. hxg3 {[%clk 00:07:41] [%emt 00:00:06]} 35...
exd3 {[%clk 00:00:57] [%emt 00:00:11]} 36. cxd3 {[%clk 00:05:57] [%emt
00:02:14]} 36... Rag8 {[%clk 00:00:41] [%emt 00:00:46]} 37. Qxc7 {[%clk
00:04:59] [%emt 00:01:29]} 37... Ba6 {[%clk 00:00:41] [%emt 00:00:29]} 38. Qf4+
{[%clk 00:04:51] [%emt 00:00:38]} 38... Rg5 {[%clk 00:00:48] [%emt 00:00:23]}
39. f7 {[%clk 00:04:49] [%emt 00:00:32]} 1-0

[Event "ODJM B 2023"]
[Site "Willingen GER"]
[Date "2023.05.28"]
[Round "1"]
[White "Vollmar, Timo"]
[Black "Derhay, Davyd"]
[Result "1-0"]
[Termination "normal"]
[Board "9"]
[WhiteElo "1817"]
[BlackElo "1376"]
[WhiteClock "01:06:05"]
[BlackClock "01:17:04"]
[PlyCount "59"]
[WhiteFideId "16253582"]
[BlackFideId "34130624"]
[EventCountry "GER"]
[EventRounds "9"]
[EventType "swiss"]
[EventDate "2023.05.27"]

1. e4 {[%clk 01:30:56] [%emt 00:00:02]} 1... e5 {[%clk 01:30:57] [%emt
00:00:04]} 2. Nf3 {[%clk 01:31:16] [%emt 00:00:09]} 2... Nc6 {[%clk 01:31:24]
[%emt 00:00:05]} 3. Bc4 {[%clk 01:31:38] [%emt 00:00:07]} 3... Bc5 {[%clk
01:31:46] [%emt 00:00:08]} 4. c3 {[%clk 01:31:58] [%emt 00:00:10]} 4... Nf6
{[%clk 01:32:11] [%emt 00:00:04]} 5. d4 {[%clk 01:32:20] [%emt 00:00:08]} 5...
exd4 {[%clk 01:32:38] [%emt 00:00:04]} 6. cxd4 {[%clk 01:32:41] [%emt
00:00:09]} 6... Bb4+ {[%clk 01:33:05] [%emt 00:00:03]} 7. Bd2 {[%clk 01:33:02]
[%emt 00:00:08]} 7... Bxd2+ {[%clk 01:33:29] [%emt 00:00:07]} 8. Nbxd2 {[%clk
01:33:21] [%emt 00:00:10]} 8... d5 {[%clk 01:33:55] [%emt 00:00:05]} 9. exd5
{[%clk 01:33:12] [%emt 00:00:39]} 9... Nxd5 {[%clk 01:34:19] [%emt 00:00:06]}
10. Qb3 {[%clk 01:32:53] [%emt 00:00:49]} 10... Nce7 {[%clk 01:34:37] [%emt
00:00:12]} 11. O-O {[%clk 01:31:59] [%emt 00:01:24]} 11... O-O {[%clk 01:35:00]
[%emt 00:00:07]} 12. Rfe1 {[%clk 01:29:58] [%emt 00:02:31]} 12... c6 {[%clk
01:34:17] [%emt 00:01:13]} 13. Rad1 {[%clk 01:25:05] [%emt 00:05:22]} 13... Qc7
{[%clk 01:31:57] [%emt 00:02:52]} 14. Ne5 {[%clk 01:23:06] [%emt 00:02:27]}
14... Be6 {[%clk 01:31:33] [%emt 00:00:53]} 15. Ne4 {[%clk 01:20:03] [%emt
00:03:33]} 15... Bf5 {[%clk 01:29:19] [%emt 00:02:46]} 16. Qg3 {[%clk 01:12:10]
[%emt 00:08:22]} 16... Kh8 {[%clk 01:24:54] [%emt 00:04:56]} 17. Nxf7+ {[%clk
01:09:51] [%emt 00:02:49]} 17... Rxf7 {[%clk 01:25:04] [%emt 00:00:19]} 18.
Qxc7 {[%clk 01:10:15] [%emt 00:00:07]} 18... Nxc7 {[%clk 01:25:20] [%emt
00:00:14]} 19. Bxf7 {[%clk 01:10:35] [%emt 00:00:09]} 19... Ned5 {[%clk
01:24:22] [%emt 00:01:29]} 20. Nd6 {[%clk 01:09:08] [%emt 00:01:57]} 20... Bd7
{[%clk 01:22:57] [%emt 00:01:55]} 21. Nxb7 {[%clk 01:08:12] [%emt 00:01:26]}
21... Rf8 {[%clk 01:22:55] [%emt 00:00:32]} 22. Bxd5 {[%clk 01:08:14] [%emt
00:00:27]} 22... Nxd5 {[%clk 01:23:16] [%emt 00:00:10]} 23. Nc5 {[%clk
01:07:42] [%emt 00:01:01]} 23... Bf5 {[%clk 01:23:25] [%emt 00:00:22]} 24. Re5
{[%clk 01:07:00] [%emt 00:01:12]} 24... g6 {[%clk 01:21:30] [%emt 00:02:25]}
25. Rde1 {[%clk 01:06:57] [%emt 00:00:32]} 25... Nf6 {[%clk 01:20:39] [%emt
00:01:22]} 26. h3 {[%clk 01:06:24] [%emt 00:01:03]} 26... Rb8 {[%clk 01:18:18]
[%emt 00:02:51]} 27. g4 {[%clk 01:06:35] [%emt 00:00:19]} 27... Bc2 {[%clk
01:16:36] [%emt 00:02:12]} 28. g5 {[%clk 01:06:51] [%emt 00:00:13]} 28... Ng8
{[%clk 01:16:59] [%emt 00:00:07]} 29. b3 {[%clk 01:06:44] [%emt 00:00:37]}
29... Bf5 {[%clk 01:17:04] [%emt 00:00:25]} 30. Re8 {[%clk 01:06:05] [%emt
00:01:09]} 1-0